00821nam a2200205 i 450000100060000000300090000600500170001500700030003200800410003510000430007624502260011926000700034530000210041550000530043650200200048965000180050971000330052774000310056085200240059149159ES-MaACL20240203062543.0t|030710s1874 sp ||||1| spa d1 aCorrochano y Casanova, Manuel María.10aDiscurso leído en el paraninfo de la Universidad Central el día 18 de octubre de 1874 en el acto solemne de recibir la investidura de doctor en Facultad de Medicina y Cirugía b: por Manuel M. Corrochano y Casanova. aMadrid : b[s.n.], c1874 (eMadrid : fViuda e hijos de Alvarez) a30 p. ; c25 cm. aTítulo de la tesis: ¿Qué es el medicamento? aTesis doctoral.04aMedicamentos.2 aUniversidad Central (Madrid)0 a¿Qué es el medicamento? aES-MaACLjT-330-F-4